A Revolution in Devolution? (Record no. 84783)

MARC details
000 -LEADER
fixed length control field 00952cab a22002055a 4500
001 - CONTROL NUMBER
control field L159033
008 - FIXED-LENGTH DATA ELEMENTS--GENERAL INFORMATION
fixed length control field 151211e20151128xxk 000 0 eng d
035 ## - SYSTEM CONTROL NUMBER
System control number (Sirsi) u159033
041 0# - LANGUAGE CODE
Language code of text/sound track or separate title eng
100 1# - MAIN ENTRY--PERSONAL NAME
Personal name Muldoon-Smith, Kevin
245 02 - TITLE STATEMENT
Title A Revolution in Devolution?
260 ## - PUBLICATION, DISTRIBUTION, ETC.
Date of publication, distribution, etc. 2015
490 ## - SERIES STATEMENT
Series statement Estates Gazette
Volume/sequential designation (1547) 28 November 2015, 102-104(3)
520 ## - SUMMARY, ETC.
Summary, etc. Considers how recent business rates announcement from the Chancellor will affect the commercial property sector. Includes discussion on business rate retention proposals which promises to extend the right of local authorities to retain 50% of any growth in business rate revenue and increase this to 100%. Notes that surprisingly the recent announcements have ignored the issue of empty property rates which is arguably a missed opportunity.
590 ## - LOCAL NOTE (RLIN)
Local note KA
651 #4 - SUBJECT ADDED ENTRY--GEOGRAPHIC NAME
Geographic name United Kingdom
690 ## - LOCAL SUBJECT ADDED ENTRY--TOPICAL TERM (OCLC, RLIN)
Topical term or geographic name as entry element Commercial property
9 (RLIN) 6227
700 1# - ADDED ENTRY--PERSONAL NAME
Personal name Greenhalgh, Paul
942 ## - ADDED ENTRY ELEMENTS (KOHA)
Suppress in OPAC 0
Holdings
Withdrawn status Lost status Source of classification or shelving scheme Damaged status Not for loan Home library Current library Shelving location Date acquired Total Checkouts Full call number Barcode Date last seen Copy number Price effective from Koha item type
    Dewey Decimal Classification     London London Journal article 11/12/2015   L159033 159033-1001 06/08/2019 1 06/08/2019 Journal article